Superpesiksen mestarit - Äkkikuolema - Statistics

Yleistilastot
  • Tätä visaa on pelattu 111 kertaa
  • Keskiarvotulos 5 / 17
Answers on the Grid
Answers color-coded by a green-red scale on the quiz's grid according to % correct below.
Alajärven Ankkurit
Fera
Haminan Palloilijat
Hyvinkään Tahko
Ikaalisten Tarmo
Imatran Pallo-Veikot
Joensuun Maila
Juvan Pallo
Jyväskylän Kiri
Kajaanin Pallokerho
Kankaanpään Maila
Kannuksen Ura
Kempeleen Kiri
Kirittäret
Kiteen Pallo -90
Koskenkorvan Urheilijat
Kouvolan Pallonlyöjät
Laitilan Jyske
Lappajärven Veikot
Lapuan Virkiä
Manse PP
Oulun Lippo
Pattijoen Urheilijat
Pesä Ysit
Porin Pesäkarhut
Pöytyän Urheilijat
Puna-Mustat
Roihuttaret
Seinäjoen Maila-Jussit
Siilinjärven Pesis
Sotkamon Jymy
Tyrnävän Tempaus
Vihdin Pallo
Viinijärven Urheilijat
Vimpelin Veto
Ylivieskan Kuula
 
Vastaustilastot
Vastaus % Oikein
Sotkamon Jymy
59%
Hyvinkään Tahko
55%
Vimpelin Veto
55%
Joensuun Maila
52%
Manse PP
50%
Kirittäret
32%
Lapuan Virkiä
32%
Kiteen Pallo -90
30%
Porin Pesäkarhut
25%
Pattijoen Urheilijat
23%
Oulun Lippo
20%
Jyväskylän Kiri
18%
Ikaalisten Tarmo
7%
Imatran Pallo-Veikot
7%
Siilinjärven Pesis
2%
Vihdin Pallo
2%
Viinijärven Urheilijat
2%
Ehtoja vastaavia visoja ei löytynyt
Tulosjakauma
Jokaisen tuloksen saaneiden osuus
Persentiili vastausten määrän mukaan
Tuloshistoriasi
Et ole pelannut tätä visaa